Five Letter Geography - T - Statistics

General Stats
  • This quiz has been taken 54 times
  • The average score is 8 of 10
Answer Stats
Hint Answer % Correct
Country bordering Indonesia, known as East or Leste {Timor}
98%
The capital city of Japan, located on the eastern coast of Honshu island Tokyo
98%
Largest of the 48 consecutive US States, located in the South Texas
96%
Capital city of the Northernmost country in Africa Tunis
92%
Latin word for land, such as Spanish for Newfoundland {Terra} Nova
91%
Buddhist region of China still waiting for their independence Tibet
91%
Archipelago country in the South Pacific consisting of over 170 islands Tonga
89%
The second most populous city in Oklahoma located on the Arkansas River Tulsa
70%
Cold subarctic forest dominated by cone-bearing evergreen trees and snowfall Taiga
66%
Region in the Alps, split between western Austria and northern Italy Tyrol
58%
No matching quizzes found
Score Distribution
Percent of People with Each Score
Percentile by Number Answered
Your Score History
You have not taken this quiz